[Event "Challenge"]
[Site "http://www.queenalice.com/game.php?id=1181374"]
[Date "2013.5.14"]
[Round "-"]
[White "rmasse"]
[Black "MAGI"]
[Result "1-0"]
[WhiteElo "1100"]
[BlackElo "1680"]

1. b3 c5 2. Nf3 Nf6 3. Bb2 e6 4. Ne5 Qe7 5. e4 d6 6. Bc3 Nxe4 7. Bb5+ Nc6 8.
Nxc6 Qh4 9. Qf3 Bd7 10. g3 Qf6 11. Qxe4 bxc6 12. Bxc6 Rc8 13. Bb7 Rc7 14. Ba5
Rxb7 15. Nc3 Qe5 16. Kf1 c4 17. Qh4 Qxa5 18. Ne4 Bc6 19. Nxd6+ Bxd6 20. Qxc4
Bxh1 21. Qc8+ Qd8 22. Qxb7 Bxb7 23. Re1 O-O 24. Re4 Bxg3 25. fxg3 1-0

[Event "Let's Play Chess!"]
[Site "http://www.queenalice.com/game.php?id=1181887"]
[Date "2013.5.16"]
[Round "-"]
[White "igorjava"]
[Black "rmasse"]
[Result "1-0"]
[WhiteElo "1838"]
[BlackElo "1061"]

1. e4 d6 2. d4 Qd7 3. h3 Qa4 4. Nc3 Nc6 5. Nxa4 Nb4 6. a3 Bd7 7. axb4 Nf6 8. Nc3
Bc6 9. d5 e6 10. dxc6 bxc6 11. f3 Rb8 12. Na2 e5 13. c3 1-0

[Event "Let's Play Chess!"]
[Site "http://www.queenalice.com/game.php?id=1181942"]
[Date "2013.5.16"]
[Round "-"]
[White "Adrianovlg"]
[Black "rmasse"]
[Result "1-0"]
[WhiteElo "2081"]
[BlackElo "1100"]

1. e4 e6 2. d4 Qe7 3. Nc3 Qb4 4. Nf3 Nc6 5. a3 Qxd4 6. Nxd4 Nxd4 7. Qxd4 Bd6 8.
Qxg7 Bf8 9. Qxh8 Nf6 10. Qxf6 Be7 11. Qh8+ Bf8 12. Bh6 1-0

[Event "OS INCLIVEIS"]
[Site "http://www.queenalice.com/game.php?id=1182146"]
[Date "2013.5.17"]
[Round "-"]
[White "adelio"]
[Black "rmasse"]
[Result "1-0"]
[WhiteElo "1679"]
[BlackElo "1100"]

1. d4 c6 2. b4 Qb6 3. a3 Na6 4. c3 d5 5. Ra2 Bf5 6. Nd2 e6 7. Ndf3 c5 8. Ne5
cxb4 9. axb4 Nxb4 10. Qa4+ Nc6 11. e4 Qb1 12. Ne2 b5 13. Qa6 Nb4 14. Qxb5+ Kd8
15. Qd7# 1-0

[Event "Let's Play Chess!"]
[Site "http://www.queenalice.com/game.php?id=1182191"]
[Date "2013.5.17"]
[Round "-"]
[White "igorjava"]
[Black "rmasse"]
[Result "1-0"]
[WhiteElo "1840"]
[BlackElo "1061"]

1. e4 e5 2. f4 Bc5 3. Nf3 Qf6 4. fxe5 Qf4 5. Nc3 d5 6. exd5 Bg4 7. Bb5+ Nd7 8.
d3 Qf5 9. d4 Nf6 10. exf6 gxf6 11. O-O 1-0

[Event "Let's Play Chess!"]
[Site "http://www.queenalice.com/game.php?id=1182192"]
[Date "2013.5.17"]
[Round "-"]
[White "rmasse"]
[Black "igorjava"]
[Result "0-1"]
[WhiteElo "1061"]
[BlackElo "1842"]

1. e4 c5 2. Qh5 d6 3. Bc4 e6 4. Nf3 Nf6 5. Ng5 g6 6. Qf3 Bg7 7. e5 dxe5 8. Qh3
O-O 9. Qxh7+ Nxh7 10. d4 Nxg5 0-1

[Event "Challenge"]
[Site "http://www.queenalice.com/game.php?id=1182287"]
[Date "2013.5.17"]
[Round "-"]
[White "MAGI"]
[Black "rmasse"]
[Result "1-0"]
[WhiteElo "1680"]
[BlackElo "1100"]

1. e4 e5 2. Nf3 Bc5 3. d4 Bb4+ 4. Nc3 Qe7 5. a3 Ba5 6. Bc4 Qd6 7. O-O Qxd4 8.
Nxd4 Nf6 9. Ndb5 Nc6 10. Nxc7+ Bxc7 11. Nd5 Ba5 12. Nxf6+ gxf6 13. Qd5 d6 14.
Qxf7+ Kd8 15. Qxf6+ Kc7 16. Qe7+ Nxe7 17. Be3 Bg4 18. h3 Bh5 19. Bg5 Rhg8 20.
Bxe7 Rg6 21. Rad1 Re8 22. Bxd6+ Kc8 23. Rd3 Be2 24. Bf7 Rd8 25. Bxg6 hxg6 26.
Rd5 Bc4 27. Rc5+ Kd7 28. Rxc4 Kxd6 29. Rd1+ Ke7 30. Rf1 b5 31. Rc7+ Rd7 32. Rc5
b4 33. Rxe5+ Kd6 34. Rxa5 bxa3 35. Rxa3 Ke5 36. Rfa1 Kxe4 37. Ra5 Rd2 38. R1a4+
Rd4 39. Rxd4+ Kxd4 40. Rxa7 1-0

[Event "Challenge"]
[Site "http://www.queenalice.com/game.php?id=1186562"]
[Date "2013.5.31"]
[Round "-"]
[White "rmasse"]
[Black "MAGI"]
[Result "0-1"]
[WhiteElo "1106"]
[BlackElo "1682"]

1. d4 d5 2. Nc3 Nf6 3. Qd3 Nc6 4. g3 e6 5. Qe3 Nb4 6. Bg2 Nxc2+ 7. Kd2 Nxe3 8.
fxe3 Bb4 9. Nf3 O-O 10. h4 Bd6 11. Ng5 Bxg3 12. e4 Bxh4 13. Rxh4 Nxe4+ 14. Kc2
Nxc3 15. bxc3 h6 16. Ba3 Qxg5 17. Rh3 Qxg2 18. Rf3 Qxe2+ 19. Kb3 Qxf3 20. Be7
Qd3 21. Ka3 Qxc3+ 0-1

[Event "Let's Play Chess!"]
[Site "http://www.queenalice.com/game.php?id=1187400"]
[Date "2013.6.4"]
[Round "-"]
[White "magalhaes_br"]
[Black "rmasse"]
[Result "1-0"]
[WhiteElo "1332"]
[BlackElo "1091"]

1. e4 d5 2. Nc3 e5 3. Nf3 Nf6 4. d3 Ng4 5. Qe2 Qd6 6. h3 Nf6 7. Qe3 dxe4 8. Nxe4
Qb4+ 9. c3 Qa4 10. Nxe5 Qa5 11. d4 Nc6 12. Qg3 Nxe4 13. Qf4 f5 14. Bd2 Nxd4 15.
Bd3 Qa4 16. Bxe4 Bd7 17. Bf3 Bb5 18. Qxd4 Rd8 19. Qxa4 Bxa4 20. Bxb7 Bc5 21.
Bc6+ Rd7 22. Bxa4 f4 23. Nxd7 Bd6 24. Nb8+ Ke7 25. Nc6+ Kf6 26. g3 Re8+ 27. Kd1
Bc5 28. Nxa7 Bxf2 29. gxf4 Re7 30. Nc6 g5 31. Nxe7 Kxe7 32. fxg5 Kf7 33. Ke2 Bh4
34. Rhf1+ Kg6 35. Bd7 Bxg5 36. Bxg5 Kxg5 37. Rf5+ Kh4 38. Rf4+ Kg5 39. Raf1 1-0

[Event "Let's Play Chess!"]
[Site "http://www.queenalice.com/game.php?id=1187401"]
[Date "2013.6.4"]
[Round "-"]
[White "magalhaes_br"]
[Black "rmasse"]
[Result "1-0"]
[WhiteElo "1318"]
[BlackElo "1104"]

1. e4 e5 2. Nf3 Qe7 3. Nc3 Qd6 4. d3 Nf6 5. Ne2 Qb6 6. h3 Bc5 7. Be3 Qb4+ 8. c3
Qa5 9. Qb3 d5 10. Nxe5 dxe4 11. d4 Bd6 12. Qxf7+ Kd8 13. Qxg7 Re8 14. Qxf6+ Be7
15. Qf4 Bb4 16. Bd2 e3 17. Qxe3 Bd7 18. cxb4 Qa4 19. Nf7+ Kc8 20. Qa3 Qb5 21.
Qf3 1-0

[Event "Let's Play Chess!"]
[Site "http://www.queenalice.com/game.php?id=1187412"]
[Date "2013.6.4"]
[Round "-"]
[White "gambittree3"]
[Black "rmasse"]
[Result "1-0"]
[WhiteElo "1232"]
[BlackElo "1075"]

1. b3 e5 2. Bb2 Qh4 3. Nf3 Qb4 4. c3 Qb6 5. Nxe5 Bc5 6. e3 Nh6 7. c4 f6 8. Nc3
fxe5 9. Nd5 Qg6 10. Nxc7+ Kf7 11. Nxa8 Qf6 12. Bd3 Ng4 13. Qf3 e4 14. Qxf6+ gxf6
15. Bxe4 Re8 16. h3 Nxf2 17. Kxf2 Rxe4 18. Rae1 d5 19. cxd5 Bd7 20. g4 Re5 21.
Bxe5 fxe5 22. a4 h5 23. Nc7 e4 24. gxh5 Na6 25. d6 Nb4 26. a5 Nc2 27. Rc1 Na3
28. Rxc5 1-0

[Event "AUTO-OPEN-3007"]
[Site "http://www.queenalice.com/game.php?id=1187740"]
[Date "2013.6.4"]
[Round "1"]
[White "italomachado"]
[Black "rmasse"]
[Result "1-0"]
[WhiteElo "1492"]
[BlackElo "1106"]

1. e4 d5 2. Qf3 Nf6 3. c4 Qd7 4. cxd5 Qa4 5. b3 Bg4 6. Qf4 Qb4 7. Bc4 Qb6 8. e5
Nh5 9. Qxg4 g6 10. Qf3 Qd4 11. d6 Qxa1 12. dxc7 Nc6 13. e6 Qe5+ 14. Ne2 Nd4 15.
Qxf7# 1-0

[Event "AUTO-OPEN-3007"]
[Site "http://www.queenalice.com/game.php?id=1187741"]
[Date "2013.6.4"]
[Round "1"]
[White "rmasse"]
[Black "italomachado"]
[Result "0-1"]
[WhiteElo "1105"]
[BlackElo "1494"]

1. e4 e5 2. Qe2 b6 3. Qd3 Ba6 4. Qd5 c6 5. Qxe5+ Ne7 6. d4 d6 7. Qf4 b5 8. e5
Ng6 9. exd6 Nxf4 10. Bxf4 g5 11. Be5 f6 12. d7+ Qxd7 13. Be2 fxe5 14. Nh3 Qxd4
15. Bg4 Qe4+ 16. Kf1 b4+ 17. Be2 Qxe2+ 18. Kg1 Qe1# 0-1

[Event "AUTO-OPEN-3007"]
[Site "http://www.queenalice.com/game.php?id=1187762"]
[Date "2013.6.4"]
[Round "1"]
[White "Martino"]
[Black "rmasse"]
[Result "1-0"]
[WhiteElo "2168"]
[BlackElo "1105"]

1. c4 e5 2. Nc3 Bc5 3. d3 Qh4 4. g3 Qf6 5. Nf3 Nh6 6. Bg2 Bb6 7. O-O Qf5 8. b4
Qh5 9. c5 d6 10. cxb6 Ng4 11. Nd5 Qxh2+ 12. Nxh2 Nc6 13. Nxc7+ Kf8 14. Nxa8 Nd4
15. bxa7 Nf5 16. Nb6 Nfe3 17. fxe3 Nxe3 18. a8=Q Ke7 19. Nxc8+ Ke6 20. Qb3+ d5
21. Bxe3 Rd8 22. Bh3+ f5 23. Rxf5 Rd6 24. Rff1# 1-0

[Event "AUTO-OPEN-3007"]
[Site "http://www.queenalice.com/game.php?id=1187763"]
[Date "2013.6.4"]
[Round "1"]
[White "rmasse"]
[Black "Martino"]
[Result "0-1"]
[WhiteElo "1106"]
[BlackElo "2167"]

1. Nc3 f5 2. e3 Nf6 3. Qe2 d5 4. Nxd5 Qxd5 5. Qd3 e6 6. g4 Qxh1 7. a4 Qxg1 8.
Ra3 Bxa3 9. bxa3 Nxg4 10. Qb5+ Nc6 11. Qc4 Qxf2+ 12. Kd1 Nxh2 13. Bb2 Nxf1 14.
Bd4 Qxd2# 0-1